000
00441nam a2200121Ia 4500
005
20251206144430.0
008
251206s9999 xx 000 0 und d
082
_a
940.1
_b
VES
100
_a
வாசுதேவ ராவ், டி. என்.
245
0
_a
ஐரோப்பிய வரலாறு
260
_a
சென்னை :
_b
தமிழ்நாட்டுப் பாடநூல் நிறுவனம்
942
_c
REF
999
_c
601341
_d
601341